Ekonomernosti funkcionirovanija ergatičeskich sistem

Salvato in:
Dettagli Bibliografici
Autore principale: Zarakovskij, Georgij Michajlovič
Altri autori: Pavlov, Vadim Vladimirovič
Natura: Libro
Lingua:russo
Pubblicazione: Moskva Radio i svjaz' 1987
Edizione:1. izd.
Tags: Aggiungi Tag
Nessun Tag, puoi essere il primo ad aggiungerne!!

MARC

LEADER 00000nam a2200000 4500
001 c034160
005 20221219131301.3
041 0 |a rus 
044 |a RU 
245 1 0 |a Ekonomernosti funkcionirovanija ergatičeskich sistem  |c Georgij Michajlovič Zarakovskij, Vadim Vladimirovič Pavlov 
250 |a 1. izd. 
264 1 |a Moskva  |b Radio i svjaz'  |c 1987 
300 |a 231 s. 
100 1 |a Zarakovskij, Georgij Michajlovič 
700 1 |a Pavlov, Vadim Vladimirovič